| 000 | 01639nam a2200493 i 4500 | ||
|---|---|---|---|
| 001 | 1648 | ||
| 003 | KOSZ 005 | ||
| 005 | 20221024150336.0 | ||
| 008 | 011024s1977 pl ad |000 0 pol | ||
| 015 | _aUWD 1977/4731 | ||
| 035 | _a991017111999705066 | ||
| 035 | _a(PL-WaBN)b1462042x-48omnis_nlop | ||
| 035 | _ab1462042x | ||
| 035 | _a(OCoLC)749844524 | ||
| 035 | _axx001116779 | ||
| 035 | _a(PL)b0000001462042 | ||
| 035 | _a(EXLNZ-48OMNIS_NETWORK)9910529361705606 | ||
| 040 |
_aWA N _cWA N _dWA N _dKOSZ 005/HR |
||
| 046 | _k1977 | ||
| 080 | _a621.7 | ||
| 080 | _a(075.8) | ||
| 100 | 1 |
_aErbel, Stanisław _eAutor |
|
| 245 | 1 | 0 |
_aObróbka plastyczna na zimno / _cStanisław Erbel, Kazimierz Kuczyński, Zdzisław Marciniak. |
| 250 | _aWyd. 3. | ||
| 260 |
_aWarszawa : _bPaństwowe Wydawnictwo Naukowe, _c1977. |
||
| 300 |
_a213, [2] s. : _bil., wykr. ; _c25 cm. |
||
| 336 |
_aTekst _btxt _2rdacontent |
||
| 337 |
_aBez urządzenia pośredniczącego _bn _2rdamedia |
||
| 338 |
_aWolumin _bnc _2rdacarrier |
||
| 380 | _aKsiążki | ||
| 388 | _a1901-2000 | ||
| 388 | _a1945-1989 | ||
| 504 | _aBibliogr. | ||
| 650 | 7 |
_aMetale _2DBN |
|
| 650 | 7 |
_aObróbka plastyczna _2DBN |
|
| 655 | 7 |
_aPodręczniki akademickie _2DBN |
|
| 658 | _aInżynieria i technika | ||
| 700 | 1 |
_aKuczyński, Kazimierz _eAutor |
|
| 700 | 1 |
_aMarciniak, Zdzisław _d(1918-2020) _eAutor |
|
| 710 |
_aPaństwowe Wydawnictwo Naukowe _4pbl |
||
| 856 |
_uhttp://koha.tu.koszalin.pl/cgi-bin/koha/opac-detail.pl?biblionumber=1648 _yKatalog online BPK |
||
| 942 |
_2UKD _cKS |
||
| 999 |
_c1648 _d1648 |
||